00961ny a22002293n 450000500170000000800410001701000160005802200140007403500090008804000170009724500650011425600240017926000580020331000140026150601850027565000680046065000530052874000400058184300270062185300300064885600530067820240305165336.0100322c19uu9999at fr p j 000 0 eng c asn 95032786 a1320-0968 a4273 aWaSeSSdvLex34aThe Australian feminist law journalh[Recurso electrónico] aServicio en línea aParkville, Vic. :bAustralian Feminist Law Foundation aBimestral1 aContenido solo disponible en los productos indicadosdvLex GlobaldvLex Global (Academic Edition, excluding Law Schools)dvLex Global (U.S. Academic Edition, excluding Law Schools)04aDiscriminación respecto a mujeresxPublicaciones Periódicas04aFeminismozAustraliaxPublicaciones Periódicas0 avLex Revista (Servicios en línea) aElectrónica. Abierta 81i(year)j(month)k(day)40uhttp://vlex.com/account/login_ip?fuente_id=4273